000 005090000a22001930004500
001 003552
003 MACL
005 20150812120120.0
008 150812b xxu||||| |||| 00| 0 eng d
040 _aMACL
_cMACL
041 _aEnglish
082 _a370.113/SAL
100 _aDilip, M. Salwi
_94876
245 _aCareers in Science
_bA Complete Guide to a Successful Career in Science
_cM. Salwi Dilip
260 _aDelhi
_c1996
_bUBSPD,
350 _a75
650 _aEducation
_94877
942 _k370
_cBK
_2ddc
999 _c15452
_d15452